书目信息 |
| 题名: |
武器传热学
|
|
| 作者: | 张领科 编著 | |
| 分册: | ||
| 出版信息: | 北京 北京航空航天大学出版社 2020.03 |
|
| 页数: | 176页 | |
| 开本: | 26cm | |
| 丛书名: | 普通高等教育创新型人才培养规划教材 | |
| 单 册: | ||
| 中图分类: | TK124 | |
| 科图分类: | ||
| 主题词: | 传热学--chuan re xue--高等教育--教材 | |
| 电子资源: | ||
| ISBN: | 978-7-5124-3125-6 | |
| 000 | 01167nam 2200265 450 | |
| 001 | 202020140394 | |
| 005 | 20200926181352.0 | |
| 010 | @a978-7-5124-3125-6@dCNY39.00 | |
| 100 | @a20200918d2020 em y0chiy50 ea | |
| 101 | 0 | @achi |
| 102 | @aCN@b110000 | |
| 105 | @aa a 000yy | |
| 106 | @ar | |
| 200 | 1 | @a武器传热学@Awu qi chuan re xue@f张领科编著 |
| 210 | @a北京@c北京航空航天大学出版社@d2020.03 | |
| 215 | @a176页@c图@d26cm | |
| 225 | 2 | @a普通高等教育创新型人才培养规划教材@Apu tong gao deng jiao yu chuang xin xing ren cai pei yang gui hua jiao cai |
| 320 | @a有书目 (第176页) | |
| 330 | @a本教材分为两大部分, 一部分介绍传热学的基本概念、理论和求解方法: 主要包括热传导 (稳态与非稳态) 、热对流 (对流换热理论与对流经验公式) 、热辐射 (辐射理论及辐射换热理论) 与导热的数值计算方法等基础理论知识。另一部分介绍传热学理论在武器系统中的相关应用, 主要包括: 发射药传热特性、发射药点火理论与身管温度场分布特性等内容。 | |
| 410 | 0 | @12001 @a普通高等教育创新型人才培养规划教材 |
| 606 | 0 | @a传热学@Achuan re xue@x高等教育@j教材 |
| 690 | @aTK124@v5 | |
| 701 | 0 | @a张领科@Azhang ling ke@4编著 |
| 801 | 0 | @aCN@c20200417 |
| 905 | @a河南城建学院图书馆@dTK124@eZ133 | |
| 武器传热学/张领科编著.-北京:北京航空航天大学出版社,2020.03 |
| 176页:图;26cm.-(普通高等教育创新型人才培养规划教材) |
| ISBN 978-7-5124-3125-6:CNY39.00 |
| 本教材分为两大部分, 一部分介绍传热学的基本概念、理论和求解方法: 主要包括热传导 (稳态与非稳态) 、热对流 (对流换热理论与对流经验公式) 、热辐射 (辐射理论及辐射换热理论) 与导热的数值计算方法等基础理论知识。另一部分介绍传热学理论在武器系统中的相关应用, 主要包括: 发射药传热特性、发射药点火理论与身管温度场分布特性等内容。 |
| ● |
| 相关链接 |
|
|
|
正题名:武器传热学
索取号:TK124/Z133
 
预约/预借
| 序号 | 登录号 | 条形码 | 馆藏地/架位号 | 状态 | 备注 |
| 1 | 1490612 | 214906128 | 自科库501/501自科库 136排2列4层/ [索取号:TK124/Z133] | 在馆 |